Vật lý lý thuyết cơ học

שמור ב:
מידע ביבליוגרפי
מחבר ראשי: Nguyễn Hoàng Phương
פורמט: ספר
שפה:Undetermined
יצא לאור: Hà Nội ĐH và THCN 1979
נושאים:
תגים: הוספת תג
אין תגיות, היה/י הראשונ/ה לתייג את הרשומה!
Thư viện lưu trữ: Trung tâm Học liệu Trường Đại học Cần Thơ
LEADER 00482nam a2200169Ia 4500
001 CTU_2244
008 210402s9999 xx 000 0 und d
082 |a 531.01 
082 |b Ph561 
100 |a Nguyễn Hoàng Phương 
245 0 |a Vật lý lý thuyết cơ học 
245 0 |c Nguyễn Hoàng Phương 
260 |a Hà Nội 
260 |b ĐH và THCN 
260 |c 1979 
650 |a mechanics 
980 |a Trung tâm Học liệu Trường Đại học Cần Thơ